000
00211 a2200097 4500
001
10798
100
_a
Jaffery, R. A.
245
_a
Quiad-e-Azam our onka
260
_a
_b
Maqbool Academy
_c
090
_c
8384
_d
8384
942
_a
NUST-CAE
_c
M
_c
35138
999
_c
245871
_d
245871